Подробности
| 000 -МАРКЕР |
| контрольное поле |
02219nam2a2200241 4500 |
| 001 - ИДЕНТИФИКАТОР ЗАПИСИ |
| контрольное поле |
RU\NLR\BIBL_A\012922508 |
| 005 - ИДЕНТИФИКАТОР ВЕРСИИ |
| контрольное поле |
20250624225601.0 |
| 010 ## - МЕЖДУНАРОДНЫЙ СТАНДАРТНЫЙ НОМЕР КНИГИ (ISBN) |
| Номер (ISBN) |
5-901563-56-5 |
| Тираж |
100 |
| 035 ## - ДРУГИЕ СИСТЕМНЫЕ НОМЕРА |
| Идентификатор записи |
(NLR Aleph) 012922508 |
| 100 ## - ДАННЫЕ ОБЩЕЙ ОБРАБОТКИ |
| Данные общей обработки |
20221026d2003 |||y0rusy50 ca |
| 101 0# - ЯЗЫК РЕСУРСА |
| Язык текста, звукозаписи и т.д. |
русский |
| 102 ## - СТРАНА ПУБЛИКАЦИИ ИЛИ ПРОИЗВОДСТВА |
| Страна публикации |
Российская Федерация |
| 105 ## - ПОЛЕ КОДИРОВАННЫХ ДАННЫХ: ТЕКСТОВЫЕ МАТЕРИАЛЫ, МОНОГРАФИЧЕСКИЕ |
| Кодированные данные о монографическом текстовом документе |
a g 000zd |
| 200 0# - ЗАГЛАВИЕ И СВЕДЕНИЯ ОБ ОТВЕТСТВЕННОСТИ |
| Основное заглавие |
Т. 13 |
| Первые сведения об ответственности |
Правительство Ставропольского края, Ставропольская краевая общественная организация инвалидов - жертв политических репрессий |
| Последующие сведения об ответственности |
под редакцией А. Ф. Золотухиной |
| 210 ## - ПУБЛИКАЦИЯ, РАСПРОСТРАНЕНИЕ И ДР. |
| Место издания, распространения и т.д. |
Ставрополь |
| Имя издателя, распространителя и т. д. |
Ставропольская краевая ассоциация жертв незаконных политических репрессий |
| -- |
Ставропольская краевая типография |
| Дата издания, распространения и т.д. |
2003 |
| 215 ## - ФИЗИЧЕСКАЯ ХАРАКТЕРИСТИКА |
| Специфическое обозначение материала и объем |
248, [1] с. |
| Другие сведения о физической характеристике |
ил., табл. |
| 461 #0 - УРОВЕНЬ НАБОРА |
| Встроенное поле |
001RU\NLR\BIBL_A\012922269 |
| -- |
2001#$aКнига памяти жертв политических репрессий Ставропольского края$fАдминистрация Ставропольского края, Ставропольская краевая ассоциация жертв незаконных политических репрессий$g[составители: А. Л. Козуб (руководитель) и др.$gпод редакцией В. А. Красули]$vТ. 13 |
| Системный номер (АБИС) связанной записи |
12648029 |
| Место публикации |
Ставрополь |
| Дата публикации |
1995 |
| Первые сведения об ответственности |
Администрация Ставропольского края, Ставропольская краевая ассоциация жертв незаконных политических репрессий |
| Имя издателя, распространителя и т.д. |
Ставропольская краевая ассоциация жертв незаконных политических репрессий |
| Заглавие |
Книга памяти жертв политических репрессий Ставропольского края |
| Номер тома |
Т. 13 |
| 942 ## - ДОПОЛНИТЕЛЬНЫЕ ЭЛЕМЕНТЫ ЗАПИСИ (АБИС) |
| Тип экземпляра АБИС |
Книга |
| 980 ## - КОЛЛЕКЦИЯ |
| Название коллекции |
Национальная библиография |